Normal view MARC view
  • Interpersonal relations

Entry Topical Term

Number of records used in: 1

001 - CONTROL NUMBER

  • control field: 9169

003 - CONTROL NUMBER IDENTIFIER

  • control field: OSt

005 - DATE AND TIME OF LATEST TRANSACTION

  • control field: 20200210115130.0

008 - FIXED-LENGTH DATA ELEMENTS

  • fixed length control field: 200210|| aca||aabn | a|a d

040 ## - CATALOGING SOURCE

  • Original cataloging agency: OSt
  • Transcribing agency: OSt

150 ## - HEADING--TOPICAL TERM

  • Topical term or geographic name entry element: Interpersonal relations
  • General subdivision: Religious aspects
  • General subdivision: Christianity

670 ## - SOURCE DATA FOUND

  • Source citation: Work cat.: (OSt)0: Maxwell, John C., 1947- 1292, Winning with people :, 2004
Pusat Sumber Maklumat Dato' Haji Sarmin Md Hussin, Akademi Kastam Diraja Malaysia, Melaka
Tel: 06-2331106 | Faks: 06-2313787